000 00788cam a2200265u 4500
001 24466
003 BD-RjUL
005 20211209001044.0
008 140313s1969 enkbj 001 0 eng d
035 _a(BD-RjUL)24533
040 _aDLC
_cCarP
_dBD-RjUL
_beng
041 _aeng
082 _a940.1
_bBRH 1969
100 1 _aBrooke, Z. N.
_q(Zachary Nugent),
_d1883-1946.
_95369
245 1 2 _aA history of Europe, from 911 to 1198 /
250 _a3 ed.
260 _aLondon :
_bMethuen & co., ltd.,
_c1938 [Reprinted 1969]
300 _axx, 533, [1] p. :
_bincl. geneal. tables. fold. map. ;
_c23 cm.
500 _aIncludes index.
650 _aEurope
_975318
651 0 _aEurope
_xHistory
_y476-1492.
_974533
942 _2ddc
_cBK
999 _c24466
_d24466